000
00347nam a2200133Ia 4500
008
090711s9999 xx 000 0 und d
082
_b
57100
245
_a
ज्ञाता पाथेय
260
_c
1982
300
_a
162
630
_a
ज्ञाता पाथेय
730
_a
ज्ञाता पाथेय
942
_c
BOOK
999
_c
287321
_d
287321